NFL Top 100 Players of 2017 - Statistics

General Stats
  • This quiz has been taken 124 times
  • The average score is 61 of 100
Answer Stats
Rank Team Position Answer % Correct
6. Packers QB Aaron Rodgers
100%
1. Patriots QB Tom Brady
100%
3. Falcons WR Julio Jones
99%
85. Cardinals LB Chandler Jones
98%
10. Falcons QB Matt Ryan
98%
4. Steelers WR Antonio Brown
97%
2. Broncos LB Von Miller
97%
14. Cowboys QB Dak Prescott
96%
16. Saints QB Drew Brees
96%
8. Giants WR Odell Beckham Jr.
96%
11. Raiders QB Derek Carr
95%
7. Cowboys RB Ezekiel Elliott
95%
23. Patriots TE Rob Gronkowski
95%
24. Seahawks QB Russell Wilson
95%
81. Chiefs QB Alex Smith
93%
74. Vikings S Harrison Smith
93%
18. Cowboys OT Tyron Smith
93%
15. Rams DT Aaron Donald
92%
22. Steelers QB Ben Roethlisberger
92%
21. Seahawks CB Richard Sherman
92%
26. Chiefs TE Travis Kelce
92%
9. Steelers RB Le'Veon Bell
91%
31. Lions QB Matthew Stafford
90%
29. Buccaneers WR Mike Evans
90%
17. Bengals WR A.J. Green
88%
5. Raiders DE Khalil Mack
88%
32. Chiefs CB Marcus Peters
88%
19. Cardinals CB Patrick Peterson
87%
36. Chiefs WR Tyreek Hill
86%
98. Vikings RB Adrian Peterson
85%
20. Panthers LB Luke Kuechly
85%
12. Cardinals RB David Johnson
84%
44. Panthers QB Cam Newton
81%
35. Texans DE J.J. Watt
80%
51. Colts QB Andrew Luck
78%
39. Seahawks LB Bobby Wagner
77%
30. Seahawks S Earl Thomas
77%
25. Browns OT Joe Thomas
77%
38. Eagles DT Fletcher Cox
75%
34. Seahawks S Kam Chancellor
73%
45. Cardinals WR Larry Fitzgerald
73%
73. Chargers QB Philip Rivers
73%
58. Cowboys OG Zack Martin
70%
57. Buccaneers QB Jameis Winston
69%
50. Titans QB Marcus Mariota
68%
27. Bills RB LeSean McCoy
67%
13. Chiefs S Eric Berry
65%
52. Buccaneers DT Gerald McCoy
65%
48. Packers WR Jordy Nelson
64%
71. Patriots WR Julian Edelman
64%
47. Redskins OT Trent Williams
63%
41. Falcons RB Devonta Freeman
62%
60. Cowboys WR Dez Bryant
62%
67. Panthers TE Greg Olsen
60%
70. Redskins QB Kirk Cousins
59%
42. Dolphins WR Jarvis Landry
58%
53. Raiders WR Amari Cooper
57%
37. Broncos CB Aqib Talib
55%
61. Colts WR T.Y. Hilton
55%
63. Broncos CB Chris Harris Jr.
52%
100. Chargers DE Joey Bosa
51%
33. Titans RB DeMarco Murray
49%
88. Seahawks WR Doug Baldwin
49%
59. Redskins CB Josh Norman
48%
49. Texans DE Jadeveon Clowney
47%
55. Dolphins DT Ndamukong Suh
46%
80. Patriots RB LeGarrette Blount
43%
68. Bengals DT Geno Atkins
42%
43. Ravens OG Marshal Yanda
41%
82. Packers LB Clay Matthews
38%
75. Titans TE Delanie Walker
37%
65. Redskins TE Jordan Reed
36%
46. Seahawks DE Michael Bennett
35%
93. Eagles DE Brandon Graham
34%
83. Cardinals DE Calais Campbell
34%
66. Vikings CB Xavier Rhodes
34%
54. Giants CB Janoris Jenkins
33%
90. Eagles S Malcolm Jenkins
33%
69. Dolphins RB Jay Ajayi
32%
89. Panthers LB Thomas Davis
32%
94. Patriots LB Dont'a Hightower
31%
92. Vikings DE Everson Griffen
31%
77. Packers S Ha Ha Clinton-Dix
31%
62. Dolphins DE Cameron Wake
29%
76. Chiefs LB Justin Houston
29%
72. Titans OT Taylor Lewan
29%
64. Chargers CB Casey Hayward
27%
28. Giants S Landon Collins
26%
79. Cowboys LB Sean Lee
25%
87. Cowboys C Travis Frederick
22%
40. Falcons LB Vic Beasley
22%
86. Titans DT Jurrell Casey
21%
99. Patriots CB Malcolm Butler
18%
96. Giants DT Damon Harrison
16%
97. Steelers OG David DeCastro
16%
56. Seahawks DE Cliff Avril
15%
84. Packers DT Mike Daniels
11%
91. Bills LB Lorenzo Alexander
10%
78. Titans LB Brian Orakpo
4%
95. Raiders OG Keleche Osemele
3%
No matching quizzes found
Score Distribution
Percent of People with Each Score
Percentile by Number Answered
Your Score History
You have not taken this quiz